000 00596nam a22001817a 4500
005 20231120125352.0
008 231120b |||||||| |||| 00| 0 eng d
020 _a0702115568
041 _aEnglish
082 _a343.4 SIL
100 _aDivaris, C and Stein, ML
_lEnglish
245 _a1984-85 Supplement to Silke on South African Income Tax /
_cC Divaris and ML Stein
250 _aTenth Edition
260 _aCape Town :
_bJuta and Company Ltd,
_c1985
300 _bviii, 459 pages ;
_c25 cm.
_e3 Books
650 _aLegal practice
_bLaw
942 _cBK
_6ALISON_BN_VRIES
999 _c801
_d801